000 00604nam a2200181 a 4500
005 20140412111301.0
008 001116s19uu xx 00 eng d
020 _a0-02-733200-4
050 _aER
_bPi57 1985
100 _aDubanevich, Arlene
245 _aPig Williams /
_cArlene Dubanevich.
260 _aNew York :
_bAladdin Books,
_c1990.
300 _a1 v. (unp.) ; ill. ; col.
520 _aAlways a dawdler, Pig William misses his ride to school picnic but in a sudden turn of evenet the picnic comes to him.
650 _aPigs -- Fiction
650 _aPicnicking -- Fiction
999 _c103412
_d103412